1514 1605 1579 1388 1359 1457 1054 1967 1335 1501 1690 1643 1022 1273 1735 1252 1179 1676 1305 1788 1382 1294 1220 1299 1401 1773 1040 1180 1104 1376 1126 1087 1485 1065 1828 1454 1097 1646 1008 1873 1746 1501 1061 1849 1135 1004 1852 1568 1856 1126 1486 1893 1329 1901 1484 1747 1419 1015 1929 1646 1088 1325 1742 1277 1527 1281 1985 1596 1714 1651 1269 1428 1644 1168 1308 1636 1463 1337 1856 1804 1018 1396 1259 1317 1487 1171 1365 1445 1042 1581 1427 1747 1179 1095 1698 1417 1984 1720 1805 BCNSPRNW ULIB Ver.6.0+V

เปลี่ยนเป็นภาษาไทย

Change to English
 แสดงรายละเอียดบรรณานุกรม
  กลับหน้าหลัก

Brief Record : Get Marc (ISO 2709) : E-mail record : QR code < ปิดหน้าต่าง
LEADER : 00000nam 2200000uu 4500
001    13399124240
003     ULIB
008    020711s2549 th a 000 0 tha d
020    9747074982
020    9789747074987
090    นว.^bว163อ
100    วนวรรณ
245    อยู่ตรงนี้อยู่ในหัวใจเธอ/^cวนวรรณ
250    พิมพ์ครั้งที่ 1
260    กรุงเทพฯ :^bอรุณ,^c2549
300    624 หน้า;^b18.5 ซม.
945    ^p415^l0^i019671
999    ^aทศพร
รายการนี้ยังไม่มีแท็ก
คุณยังไม่ได้ล็อกอิน คุณสามารถมีกิจกรรมร่วมกับเว็บไซต์ได้ แต่ต้องล็อกอินก่อน ::
  ล็อกอิน

รายการสื่อสารสนเทศ

ลำดับที่ ประเภท เลขเรียก/บาร์โค้ด สถานที่ สถานะ
1. นวนิยาย
นวนิยาย
นว. ว163อ ฉ.1 
  Barcode: 019671
ห้องสมุดวิทยาเขตสวรรค์ประชารักษ์
►นวนิยาย
บนชั้น
  ขอยืม

รายการใกล้เคียง
    ผู้แต่ง [วนวรรณ]

BibComment


ยังไม่เคยถูกคอมเมนท์

คอมเมนท์ทรัพยากรรายการนี้
  คอมเมนท์: อยู่ตรงนี้อยู่ในห..


 Copyright 2026. Bcnsprnw @Library